[Event "15th Unive op"]
[Site "Hoogeveen NED"]
[Date "2011.10.18"]
[Round "5.8"]
[White "De Jong, Migchiel"]
[Black "Van Assendelft, Floris"]
[Result "1-0"]
[WhiteElo "2370"]
[BlackElo "2376"]
[EventDate "2011.10.14"]
[PlyCount "183"]

1.d4 Nf6 2.Nf3 g6 3.c4 Bg7 4.Nc3 O-O 5.e4 c6 6.Be2 d5 7.e5 Ne4 8.O-O Nxc3 
9.bxc3 dxc4 10.Bxc4 c5 11.h3 cxd4 12.cxd4 Nc6 13.a4 Bf5 14.Be3 Rc8 15.Rc1 
Qd7 16.Qd2 Be4 17.Ng5 Bd5 18.Bxd5 Qxd5 19.Rc5 Qd7 20.Rfc1 b6 21.R5c3 e6 
22.Ne4 Ne7 23.Bg5 Rxc3 24.Rxc3 Nd5 25.Nf6+ Nxf6 26.exf6 Bh8 27.Qf4 Rc8 28.
Qd6 Qe8 29.Rxc8 Qxc8 30.Qe7 a6 31.Bf4 b5 32.axb5 axb5 33.Bd6 b4 34.d5 exd5
35.Be5 b3 36.g4 h6 37.Kh2 d4 38.Bxd4 Qc4 39.Qe5 Kh7 40.Kg3 Qd3+ 41.f3 Qc4 
42.h4 Kg8 43.Bb2 Kh7 44.h5 gxh5 45.Qxh5 Qc7+ 46.Be5 Qa7 47.Kh3 Qb7 48.g5 
Qd7+ 49.Kg3 Qa7 50.Qxh6+ Kg8 51.Qh2 Qe3 52.Kg4 Qc1 53.g6 fxg6 54.Qxh8+ 
Kxh8 55.f7+ Kh7 56.f8=Q Qg1+ 57.Kf4 Qc1+ 58.Ke4 Qc4+ 59.Bd4 Qe2+ 60.Kd5 
Qb5+ 61.Ke6 Qc6+ 62.Ke5 Qc7+ 63.Ke4 Qc6+ 64.Kf4 Qc7+ 65.Be5 Qc1+ 66.Kg4 
Qg1+ 67.Bg3 b2 68.Qe7+ Kh6 69.Qf8+ Kh7 70.Qf7+ Kh6 71.Qf4+ Kh7 72.Qc7+ Kh6
73.Qb8 Qd4+ 74.Bf4+ Kh7 75.Qc7+ Kg8 76.Qb8+ Kh7 77.Qb7+ Kg8 78.Kg5 Qg1+ 
79.Kf6 Qd4+ 80.Be5 Qh4+ 81.Ke6 Qc4+ 82.Kd6 Qd3+ 83.Ke7 Qa3+ 84.Ke6 Qf8 85.
Bxb2 Qf5+ 86.Kd6 Qf8+ 87.Ke5 Qxf3 88.Kd4 Qf4+ 89.Kd3 Qd6+ 90.Bd4 Kf8 91.
Qg7+ Ke8 92.Qe5+ 1-0

[Event "15th Unive op"]
[Site "Hoogeveen NED"]
[Date "2011.10.18"]
[Round "5.9"]
[White "Van der Wiel, John"]
[Black "Wagner, Dennis"]
[Result "1/2-1/2"]
[WhiteElo "2459"]
[BlackElo "2290"]
[EventDate "2011.10.14"]
[PlyCount "45"]

1.e4 c5 2.Nf3 e6 3.d4 cxd4 4.Nxd4 a6 5.Bd3 Bc5 6.Nb3 Be7 7.Qg4 g6 8.Qe2 d6
9.Be3 Nc6 10.N1d2 Ne5 11.h3 Bd7 12.O-O Nf6 13.Bh6 Nh5 14.Nf3 Nxd3 15.cxd3 
g5 16.g3 Rg8 17.Nxg5 Nxg3 18.fxg3 Bxg5 19.Qf3 Qe7 20.Bxg5 Rxg5 21.Rac1 Rg7
22.Kh2 Rc8 23.Rxc8+ 1/2-1/2

[Event "15th Unive op"]
[Site "Hoogeveen NED"]
[Date "2011.10.18"]
[Round "5.10"]
[White "Raznikov, Danny"]
[Black "Schoorl, Rob"]
[Result "1/2-1/2"]
[WhiteElo "2433"]
[BlackElo "2276"]
[EventDate "2011.10.14"]
[PlyCount "90"]

1.d4 d5 2.c4 c6 3.Nf3 Nf6 4.e3 Bg4 5.h3 Bxf3 6.Qxf3 e6 7.Bd3 Nbd7 8.cxd5 
exd5 9.Nc3 Bb4 10.O-O O-O 11.Bd2 Re8 12.a3 Bxc3 13.bxc3 Ne4 14.Be1 Nb6 15.
Qe2 Nd6 16.f3 f5 17.Bg3 Nbc4 18.Bf4 Nxe3 19.Bxe3 f4 20.Bxh7+ Kh8 21.Be4 
Qf6 22.Bd2 dxe4 23.fxe4 Rxe4 24.Qf3 Rf8 25.Rf2 Qg6 26.Raf1 Nc4 27.Qd3 Nxd2
28.Qxd2 Qf5 29.c4 Qe6 30.d5 cxd5 31.cxd5 Qd6 32.Rf3 Rf5 33.Rd1 Ree5 34.Qb4
Qxb4 35.axb4 Rxd5 36.Rxd5 Rxd5 37.Rxf4 Rd2 38.Rf7 b6 39.Rxa7 Rb2 40.Rb7 
Rxb4 41.Kh2 Kh7 42.Kg3 Kg6 43.Kf3 Kf6 44.h4 Rxh4 45.Rxb6+ Kf7 1/2-1/2

[Event "15th Unive op"]
[Site "Hoogeveen NED"]
[Date "2011.10.18"]
[Round "5.11"]
[White "Vedder, Richard"]
[Black "Willemze, Thomas"]
[Result "1-0"]
[WhiteElo "2260"]
[BlackElo "2370"]
[EventDate "2011.10.14"]
[PlyCount "75"]

1.e4 c5 2.Nf3 Nc6 3.d4 cxd4 4.Nxd4 e5 5.Nb5 d6 6.N1c3 a6 7.Na3 b5 8.Nd5 
Nge7 9.c4 Nxd5 10.cxd5 Ne7 11.Bd3 Ng6 12.O-O Be7 13.Nc2 Bg5 14.a4 Bxc1 15.
Rxc1 bxa4 16.Ne3 Nf4 17.Bc2 O-O 18.g3 Nh3+ 19.Kg2 Rb8 20.Bd3 Bd7 21.Nf5 
Qg5 22.Kxh3 g6 23.Rc7 Bc8 24.Rxc8 Rfxc8 25.Nxd6 Rd8 26.Nc4 Rb3 27.Qe2 h5 
28.f4 exf4 29.Rxf4 Rc8 30.Na5 Rb6 31.Nc6 Re8 32.Qf2 Rb3 33.Bc4 Rb7 34.Bxa6
Rd7 35.Bc4 Rf8 36.e5 Kh8 37.Kg2 Re8 38.h4 1-0

[Event "15th Unive op"]
[Site "Hoogeveen NED"]
[Date "2011.10.18"]
[Round "5.12"]
[White "Erwich, Frank"]
[Black "Meurs, Tom WA"]
[Result "1-0"]
[WhiteElo "2365"]
[BlackElo "2217"]
[EventDate "2011.10.14"]
[PlyCount "111"]

1.e4 e5 2.Nf3 Nc6 3.Bc4 Bc5 4.c3 Nf6 5.d4 exd4 6.e5 d5 7.Bb5 Ne4 8.cxd4 
Bb6 9.O-O O-O 10.Nc3 Bg4 11.h3 Bxf3 12.gxf3 Ng5 13.Bxc6 bxc6 14.Be3 Ne6 
15.Kh2 Qh4 16.Ne2 f6 17.f4 fxe5 18.dxe5 d4 19.Qb3 Rae8 20.Bd2 Kh8 21.Qg3 
Qh5 22.Nc1 g5 23.Nd3 gxf4 24.Qg4 Qxg4 25.hxg4 Nc5 26.Nxc5 Bxc5 27.b4 Bb6 
28.a4 c5 29.a5 c4 30.axb6 axb6 31.Rac1 c3 32.Bxc3 dxc3 33.Rxc3 Rf7 34.Re1 
Rfe7 35.Re4 Rxe5 36.Rxf4 Re4 37.Rxe4 Rxe4 38.Kg3 Rxb4 39.Rxc7 Rb1 40.Kf4 
Rd1 41.Kg5 Rd6 42.f4 h6+ 43.Kf5 Kg8 44.Rb7 Kf8 45.Ke5 Rc6 46.Rd7 Rg6 47.
Kf5 Rc6 48.Rb7 Ke8 49.Ke5 Kf8 50.f5 Kg8 51.f6 Kf8 52.Rh7 Rc4 53.g5 Rc5+ 
54.Ke6 Rc6+ 55.Kd7 Rc1 56.g6 1-0

[Event "15th Unive op"]
[Site "Hoogeveen NED"]
[Date "2011.10.18"]
[Round "5.13"]
[White "Peelen, Piet"]
[Black "Mellema, Andries"]
[Result "1-0"]
[WhiteElo "2354"]
[BlackElo "2182"]
[EventDate "2011.10.14"]
[PlyCount "209"]

1.d4 e6 2.c4 Nf6 3.Nf3 b6 4.g3 Bb7 5.Bg2 Bb4+ 6.Bd2 Be7 7.Nc3 O-O 8.O-O d5
9.Ne5 Nbd7 10.cxd5 exd5 11.Bf4 c6 12.Qa4 Nxe5 13.Bxe5 Re8 14.Rac1 Nd7 15.
Bf4 Nf8 16.e4 Ne6 17.exd5 cxd5 18.Be3 Bf6 19.Rfd1 Qd6 20.Qb3 Red8 21.Nb5 
Qd7 22.Rd2 Rac8 23.Rxc8 Rxc8 24.Nc3 Rc4 25.Bf1 Rc8 26.Bg2 Rc4 27.Bf1 Rc8 
28.a4 Ng5 29.Qd1 Qf5 30.Bg2 Re8 31.h4 Ne4 32.Nxe4 dxe4 33.d5 Rd8 34.d6 Be5
35.d7 Bc6 36.Qc2 Qg6 37.h5 Qe6 38.Bxe4 Bxd7 39.Bxh7+ Kh8 40.Be4 Qe8 41.Qd1
Bf6 42.Bc2 Bc6 43.Rxd8 Qxd8 44.Qxd8+ Bxd8 45.Bd4 Kg8 46.Bd1 Be7 47.f3 f5 
48.Kf2 Bd5 49.Bc2 Be6 50.Kg2 Kf7 51.Kh3 Bg5 52.Bd3 Bd7 53.Bc4+ Kf8 54.b3 
Bc6 55.Kg2 Bd7 56.Bd5 Bd8 57.Be5 a6 58.Bd6+ Be7 59.Be5 Bd8 60.Kf2 b5 61.
axb5 Bb6+ 62.Kg2 axb5 63.Bd6+ Ke8 64.b4 Bd4 65.Kh3 Bf6 66.f4 Bd8 67.Bg8 
Bb6 68.Be5 Kf8 69.Bb3 Bd8 70.Bd6+ Ke8 71.Kg2 Bb6 72.Be5 Kf8 73.Bd5 Bd8 74.
Bd6+ Ke8 75.Bc5 Bf6 76.Kf2 Kd8 77.Ke3 Be7 78.Kd4 Bf6+ 79.Kd3 Be7 80.Bxe7+ 
Kxe7 81.Kd4 Kd6 82.Bf7 Bc6 83.Bg8 Be8 84.Bh7 Bd7 85.Bg6 Be6 86.Kc3 Bd7 87.
Kd3 Kd5 88.Bf7+ Kd6 89.Kd4 Bc6 90.Bb3 Bf3 91.Bc2 Bxh5 92.Bxf5 Be8 93.g4 
Bc6 94.Be4 Bd7 95.f5 Be8 96.Bd5 Bd7 97.Be4 Be8 98.Bf3 Bd7 99.Bd5 Be8 100.
g5 Bd7 101.Ke4 Bc8 102.Bb3 Bd7 103.Kf4 Bc6 104.f6 gxf6 105.g6 1-0

[Event "15th Unive op"]
[Site "Hoogeveen NED"]
[Date "2011.10.18"]
[Round "5.15"]
[White "Grant, Jonathan"]
[Black "Svane, Rasmus"]
[Result "0-1"]
[WhiteElo "2209"]
[BlackElo "2351"]
[EventDate "2011.10.14"]
[PlyCount "70"]

1.c4 e6 2.g3 d5 3.d4 Nf6 4.Nf3 Be7 5.Bg2 O-O 6.O-O dxc4 7.Qc2 b5 8.a4 b4 
9.Qxc4 Ba6 10.Qc2 Nbd7 11.Bf4 Rc8 12.Ne5 c5 13.Nc6 cxd4 14.Rc1 Qe8 15.Qd2 
e5 16.Nxe5 Rxc1+ 17.Qxc1 Bxe2 18.Nc6 Bc5 19.Nd2 Qe6 20.Bg5 d3 21.h3 h6 22.
Bxf6 Qxf6 23.Qe1 Rc8 24.Na5 Qxb2 25.Nab3 Bd6 26.Rb1 Qe5 27.Kh2 Rc2 28.a5 
Qc3 29.Ne4 Qxe1 30.Rxe1 Be5 31.Bf1 Bc3 32.Rb1 Ne5 33.g4 Nc4 34.Bxe2 Rxe2 
35.Nbc5 d2 0-1

[Event "15th Unive op"]
[Site "Hoogeveen NED"]
[Date "2011.10.18"]
[Round "5.16"]
[White "Knol, Geon"]
[Black "Afek, Yochanan"]
[Result "0-1"]
[WhiteElo "2137"]
[BlackElo "2299"]
[EventDate "2011.10.14"]
[PlyCount "91"]

1.e4 e6 2.d4 d5 3.Bd3 c5 4.c3 Nc6 5.Ne2 dxe4 6.Bxe4 Nf6 7.Bf3 cxd4 8.cxd4 
Be7 9.Nbc3 O-O 10.O-O Qa5 11.Bd2 Qa6 12.Be3 Rd8 13.Qb3 e5 14.Bxc6 bxc6 15.
dxe5 Ng4 16.Bf4 Qa5 17.Rfd1 Nxe5 18.Rxd8+ Bxd8 19.Rd1 Bb6 20.Bxe5 Be6 21.
Nd5 Bxd5 22.Qg3 g6 23.h4 Re8 24.Bc3 Qa4 25.b3 Qxa2 26.Nf4 Qxb3 27.Rc1 Qa3 
28.Ra1 Qd6 29.Qg5 Bc7 30.g3 Bd8 31.Qh6 Bf6 32.Nxd5 cxd5 33.Bxf6 Qxf6 34.
Rxa7 Re1+ 35.Kg2 Qc6 36.Ra2 d4+ 37.f3 d3 38.Qf4 Qe8 39.Rd2 Re2+ 40.Kh3 
Rxd2 41.Qxd2 Qe2 42.Qf4 h5 43.Qb8+ Kg7 44.g4 Qxf3+ 45.Kh2 Qe2+ 46.Kg3 0-1

[Event "15th Unive op"]
[Site "Hoogeveen NED"]
[Date "2011.10.18"]
[Round "5.17"]
[White "Okkes, Menno"]
[Black "Sekandar, Kambiz"]
[Result "0-1"]
[WhiteElo "2386"]
[BlackElo "1922"]
[EventDate "2011.10.14"]
[PlyCount "98"]

1.e4 c6 2.d4 d5 3.exd5 cxd5 4.c4 Nf6 5.Nc3 Nc6 6.Bg5 dxc4 7.Bxc4 Qa5 8.d5 
Ne5 9.Bb5+ Bd7 10.Bxd7+ Nexd7 11.Nf3 Nb6 12.Bxf6 gxf6 13.O-O O-O-O 14.Nd4 
Nxd5 15.Rc1 Nxc3 16.Rxc3+ Kb8 17.Rd3 Bh6 18.b4 Qc7 19.Qh5 Bf4 20.Qxf7 
Bxh2+ 21.Kh1 Be5 22.Rfd1 Bxd4 23.Rxd4 Rxd4 24.Rxd4 Rd8 25.Rxd8+ Qxd8 26.a3
h6 27.Qg6 Qd1+ 28.Kh2 Qd6+ 29.g3 a5 30.b5 Ka7 31.a4 Qd4 32.Qc2 Kb6 33.f3 
h5 34.Kh3 Qg1 35.g4 Qh1+ 36.Kg3 h4+ 37.Kf4 Qe1 38.Kf5 h3 39.f4 Qg1 40.Qd2 
h2 41.Qd8+ Kc5 42.Qxe7+ Kc4 43.Qe4+ Kc3 44.Qf3+ Kc4 45.Qe4+ Kb3 46.Qd3+ 
Kxa4 47.Qc4+ Ka3 48.Qc3+ Ka2 49.Qxa5+ Kb3 0-1

[Event "15th Unive op"]
[Site "Hoogeveen NED"]
[Date "2011.10.18"]
[Round "5.18"]
[White "Duijker, Rick"]
[Black "Popilski, Gil"]
[Result "1/2-1/2"]
[WhiteElo "2214"]
[BlackElo "2381"]
[EventDate "2011.10.14"]
[PlyCount "86"]

1.d4 d6 2.e4 g6 3.Nc3 Bg7 4.Be3 a6 5.Qd2 b5 6.O-O-O Bb7 7.f3 Nd7 8.h4 h5 
9.Nh3 c5 10.Ng5 cxd4 11.Bxd4 Ngf6 12.f4 Qa5 13.e5 b4 14.Bc4 dxe5 15.fxe5 
Nxe5 16.Bxe5 O-O 17.Nd5 Bxd5 18.Bxd5 Nxd5 19.Bxg7 Rfd8 20.Bd4 Qxa2 21.Qf2 
f6 22.Ne6 Rd6 23.Rhe1 Nc3 24.bxc3 bxc3 25.Bxc3 Rxe6 26.Rxe6 Qxe6 27.Qf3 
Rc8 28.Bb2 Kg7 29.Qd5 Qe3+ 30.Qd2 Qe4 31.g3 a5 32.Qd3 Qc6 33.Re1 Rc7 34.
Qe4 Qd6 35.Qf4 Qc5 36.Qe4 Qf2 37.Re2 Qg1+ 38.Re1 Qxg3 39.Bd4 Qa3+ 40.Bb2 
Qc5 41.Bd4 Qa3+ 42.Bb2 Qc5 43.Bd4 Qa3+ 1/2-1/2

[Event "15th Unive op"]
[Site "Hoogeveen NED"]
[Date "2011.10.18"]
[Round "5.19"]
[White "Slingerland, Fred"]
[Black "Law, Nicky"]
[Result "0-1"]
[WhiteElo "2379"]
[BlackElo "2208"]
[EventDate "2011.10.14"]
[PlyCount "88"]

1.e4 d6 2.d4 Nf6 3.Nc3 g6 4.f4 Bg7 5.a3 O-O 6.Nf3 b6 7.Bd3 Bb7 8.O-O c5 9.
d5 Na6 10.Qe1 Nc7 11.f5 Qd7 12.Qh4 b5 13.Bh6 c4 14.Be2 Rfd8 15.Ng5 Bh8 16.
Rf3 a5 17.Rh3 Nce8 18.Nxh7 Nxh7 19.Bg5 Bd4+ 20.Kh1 Nxg5 21.Qxg5 Bf6 22.Qh6
gxf5 23.Rf1 Bg7 24.Qh7+ Kf8 25.Rg3 e6 26.exf5 exf5 27.Rxf5 f6 28.Ne4 Qe7 
29.Rf4 Bxd5 30.Bh5 Ra7 31.h3 Bg8 32.Qg6 Bf7 33.Qg4 Bxh5 34.Qxh5 Qe5 35.Qg4
d5 36.Ng5 Re7 37.Rf5 Qe2 38.Nh7+ Kg8 39.Qg6 Rd6 40.Rg4 Qe6 41.Kh2 d4 42.
Qh5 d3 43.Rh4 Qxf5 44.Qxf5 d2 0-1

[Event "15th Unive op"]
[Site "Hoogeveen NED"]
[Date "2011.10.18"]
[Round "5.20"]
[White "Markus, John Raymond"]
[Black "Ootes, Lars"]
[Result "0-1"]
[WhiteElo "2167"]
[BlackElo "2340"]
[EventDate "2011.10.14"]
[PlyCount "72"]

1.d4 Nf6 2.c4 g6 3.Nc3 Bg7 4.e4 d6 5.Nf3 O-O 6.Be2 Nbd7 7.O-O e5 8.Rb1 a5 
9.b3 Re8 10.d5 Nh5 11.g3 Bf6 12.Be3 Ng7 13.Qd2 Be7 14.Ne1 f5 15.f3 Rf8 16.
Nd3 h5 17.a3 Nf6 18.b4 h4 19.c5 hxg3 20.hxg3 Ngh5 21.Bf2 fxe4 22.Nxe4 Nxe4
23.fxe4 Bh3 24.bxa5 Bxf1 25.Bxf1 Bg5 26.Qe2 Qc8 27.Kh2 Rf7 28.Bh3 Rh7 29.
Qf3 Nf6 30.Qg2 Rxa5 31.cxd6 cxd6 32.Be1 Rxa3 33.Nf2 Ra2 34.Kg1 Qc2 35.Be6+
Kh8 36.Rb6 Ra1 0-1

[Event "15th Unive op"]
[Site "Hoogeveen NED"]
[Date "2011.10.18"]
[Round "5.21"]
[White "Rietveld, Renze"]
[Black "Fehr, Axel"]
[Result "1-0"]
[WhiteElo "2291"]
[BlackElo "2163"]
[EventDate "2011.10.14"]
[PlyCount "69"]

1.e4 c6 2.Nc3 d5 3.Nf3 a6 4.d4 Bg4 5.h3 Bxf3 6.Qxf3 dxe4 7.Nxe4 Qxd4 8.c3 
Qd5 9.c4 Qe5 10.Be2 Nf6 11.Nc3 Nbd7 12.Bf4 Qa5 13.b4 Qb6 14.Rb1 e5 15.Be3 
Qc7 16.O-O Be7 17.c5 O-O 18.Bc4 b6 19.cxb6 Nxb6 20.Bb3 Rad8 21.Rfc1 Qb7 
22.Bxb6 Qxb6 23.a3 Rd2 24.Na4 Qd4 25.Rxc6 Rd3 26.Qe2 e4 27.Bc4 Rxa3 28.Rd1
Ra1 29.Nb2 Rxd1+ 30.Nxd1 Rd8 31.Ne3 Bxb4 32.Rxa6 Bd6 33.Nf5 Qe5 34.Nxd6 
Qxd6 35.Rxd6 1-0

[Event "15th Unive op"]
[Site "Hoogeveen NED"]
[Date "2011.10.18"]
[Round "5.23"]
[White "Nakar, Eylon"]
[Black "Van Dorp, Folke"]
[Result "1-0"]
[WhiteElo "2268"]
[BlackElo "2050"]
[EventDate "2011.10.14"]
[PlyCount "43"]

1.e4 c5 2.Nf3 e6 3.d3 Nc6 4.g3 d5 5.Qe2 Nf6 6.Bg2 Be7 7.O-O O-O 8.e5 Nd7 
9.c4 d4 10.Re1 Qc7 11.Bf4 Re8 12.h4 Rb8 13.Nbd2 h6 14.Nh2 Nf8 15.h5 Nh7 
16.Ng4 Ng5 17.Ne4 Nxe4 18.Qxe4 Bf8 19.Bxh6 Nxe5 20.Bf4 f6 21.Nxe5 fxe5 22.
Qg6 1-0

[Event "15th Unive op"]
[Site "Hoogeveen NED"]
[Date "2011.10.18"]
[Round "5.24"]
[White "Klapwijk, Bram"]
[Black "Goudriaan, Etienne"]
[Result "0-1"]
[WhiteElo "2025"]
[BlackElo "2250"]
[EventDate "2011.10.14"]
[PlyCount "58"]

1.e4 c5 2.Nc3 Nc6 3.Bb5 Nd4 4.Bc4 a6 5.Bb3 e6 6.Nge2 Nxb3 7.axb3 Nf6 8.d4 
cxd4 9.Qxd4 Qc7 10.Bf4 Qc6 11.O-O b5 12.Qd3 Bb7 13.Nd4 Qb6 14.e5 Bc5 15.
Rad1 Bxd4 16.exf6 Qc6 17.Ne4 Qxe4 18.Qxe4 Bxe4 19.Rxd4 Bxc2 20.fxg7 Rg8 
21.Rc1 Bxb3 22.Rxd7 Kxd7 23.Rc7+ Kd8 24.Rxf7 e5 25.Bg5+ Kc8 26.Re7 Rb8 27.
h4 Rb7 28.Rxe5 Rbxg7 29.g3 Kb7 0-1

[Event "15th Unive op"]
[Site "Hoogeveen NED"]
[Date "2011.10.18"]
[Round "5.25"]
[White "Timmermans, Ivo"]
[Black "Beerdsen, Thomas"]
[Result "1-0"]
[WhiteElo "2247"]
[BlackElo "2019"]
[EventDate "2011.10.14"]
[PlyCount "77"]

1.d4 d5 2.c4 c6 3.Nf3 Nf6 4.Nc3 e6 5.Bg5 h6 6.Bh4 dxc4 7.e4 g5 8.Bg3 b5 9.
Be2 Bb7 10.Qc2 Nbd7 11.Rd1 a6 12.O-O g4 13.Ne5 h5 14.Ng6 fxg6 15.e5 Rg8 
16.exf6 Nxf6 17.f3 Be7 18.fxg4 Qb6 19.gxh5 O-O-O 20.hxg6 Rxd4 21.Kh1 Rxd1 
22.Bxd1 Qd4 23.Bf3 Nd5 24.Rd1 Qf6 25.Qf2 Nxc3 26.bxc3 Rxg6 27.Qd2 e5 28.
Qd7+ Kb8 29.Bxe5+ Qxe5 30.Qe8+ Ka7 31.Qxg6 Kb6 32.Qe4 Qg5 33.g3 Bc5 34.Kg2
Qf6 35.Rd7 Bc8 36.Rh7 Bf5 37.Qf4 Bd6 38.Rh6 Qxc3 39.Rxd6 1-0

[Event "15th Unive op"]
[Site "Hoogeveen NED"]
[Date "2011.10.18"]
[Round "5.26"]
[White "Donchenko, Alexander"]
[Black "Potze, Rudolf"]
[Result "1-0"]
[WhiteElo "2304"]
[BlackElo "2126"]
[EventDate "2011.10.14"]
[PlyCount "127"]

1.Nf3 g6 2.c4 Bg7 3.Nc3 e5 4.g3 d6 5.Bg2 Nc6 6.d3 Nge7 7.Rb1 a5 8.a3 O-O 
9.O-O Nd4 10.Nxd4 exd4 11.Nd5 c6 12.Nxe7+ Qxe7 13.b4 axb4 14.axb4 Bg4 15.
Re1 Rfe8 16.h3 Bd7 17.Qb3 h5 18.h4 Bg4 19.b5 Qc7 20.Qc2 Bd7 21.bxc6 bxc6 
22.Bf4 Be5 23.Bd2 Rab8 24.Ra1 Ra8 25.Ra2 Rxa2 26.Qxa2 c5 27.Qa6 Bg4 28.Ba5
Qb8 29.Qb5 Qc8 30.Bb7 Qe6 31.Bd5 Qe7 32.Bc6 Rc8 33.Bd5 Re8 34.Bd2 Bd7 35.
Qb7 Be6 36.Bc6 Qxb7 37.Bxb7 Rb8 38.Be4 Rb2 39.Rd1 Kg7 40.Kf1 Bd7 41.Ke1 
Bf6 42.Ra1 Be6 43.Kd1 Rb8 44.Kc2 Bg4 45.f3 Be6 46.Ra6 Be7 47.Bf4 Rd8 48.
Kb3 f6 49.Bc6 g5 50.Ra7 Rb8+ 51.Ka2 Kf8 52.Bd2 Rc8 53.Be4 gxh4 54.gxh4 f5 
55.Bb7 Rc7 56.Ba5 Rxb7 57.Rxb7 d5 58.Rb6 Kf7 59.cxd5 Bxd5+ 60.Kb2 c4 61.
Kc2 c3 62.Rh6 Bf6 63.Bb6 Bc6 64.Bxd4 1-0

[Event "15th Unive op"]
[Site "Hoogeveen NED"]
[Date "2011.10.18"]
[Round "5.27"]
[White "Beukema, Stefan"]
[Black "Te Bokkel, Gert Jan"]
[Result "0-1"]
[WhiteElo "2259"]
[BlackElo "2034"]
[EventDate "2011.10.14"]
[PlyCount "58"]

1.e4 e5 2.Nf3 Nc6 3.d4 exd4 4.Nxd4 g6 5.Nxc6 bxc6 6.Qd4 Qf6 7.e5 Qe7 8.Nd2
Bg7 9.f4 Nh6 10.Bd3 O-O 11.O-O d6 12.Nf3 c5 13.Qa4 d5 14.c4 Bd7 15.Qa3 Be6
16.cxd5 Bxd5 17.Be3 Rfd8 18.Bxc5 Qd7 19.Rad1 Qg4 20.Qa4 Bxe5 21.Be4 Qxf4 
22.Rxd5 Rxd5 23.Nxe5 Qxe5 24.Qc6 Rdd8 25.Be3 Ng4 26.Bf4 Qd4+ 27.Kh1 Nf2+ 
28.Rxf2 Qxf2 29.Qc1 Qxf4 0-1

[Event "15th Unive op"]
[Site "Hoogeveen NED"]
[Date "2011.10.18"]
[Round "5.28"]
[White "Vinke, Maarten"]
[Black "Van Weersel, Arlette"]
[Result "1/2-1/2"]
[WhiteElo "2032"]
[BlackElo "2191"]
[EventDate "2011.10.14"]
[PlyCount "118"]

1.e4 e5 2.Bc4 Nc6 3.Nf3 Nf6 4.d3 Be7 5.O-O O-O 6.Nc3 d6 7.h3 Na5 8.Nd2 c6 
9.a3 Nxc4 10.Nxc4 h6 11.d4 Qc7 12.f4 exd4 13.Qxd4 d5 14.Ne5 dxe4 15.Nxe4 
Bf5 16.Nxf6+ Bxf6 17.Qc3 Rfe8 18.Be3 b6 19.b4 Rad8 20.Rae1 Bc8 21.Rd1 Bb7 
22.Bd4 Rd5 23.Ng4 Bxd4+ 24.Rxd4 Rxd4 25.Qxd4 c5 26.bxc5 bxc5 27.Qd3 Qc6 
28.Rf2 Qe4 29.Qd7 Qe1+ 30.Kh2 Bc8 31.Qd2 Bxg4 32.hxg4 Qxd2 33.Rxd2 Re4 34.
Rd8+ Kh7 35.f5 Rxg4 36.Rd7 Ra4 37.Rxf7 Rxa3 38.Rc7 Kg8 39.Rxc5 Kf7 40.g4 
a5 41.Rc7+ Kf6 42.Rc6+ Ke5 43.Rg6 Rc3 44.Rxg7 a4 45.Rg6 Rxc2+ 46.Kg3 Rc3+ 
47.Kh4 Rc1 48.Ra6 Rh1+ 49.Kg3 Rg1+ 50.Kf3 h5 51.Ra5+ Kf6 52.gxh5 Rf1+ 53.
Ke4 Re1+ 54.Kd3 Rh1 55.Rxa4 Rh3+ 56.Ke2 Rxh5 57.Ra6+ Kxf5 58.Ra5+ Kg6 59.
Rxh5 Kxh5 1/2-1/2

[Event "15th Unive op"]
[Site "Hoogeveen NED"]
[Date "2011.10.18"]
[Round "5.29"]
[White "Maris, Ivo"]
[Black "Van Foreest, Jorden"]
[Result "1-0"]
[WhiteElo "1998"]
[BlackElo "2153"]
[EventDate "2011.10.14"]
[PlyCount "91"]

1.e4 e5 2.Nc3 Nc6 3.Bc4 Bc5 4.Qg4 g6 5.Qf3 Nf6 6.Nge2 Be7 7.Nd5 Nxd5 8.
Bxd5 O-O 9.c3 Bf6 10.h4 d6 11.h5 Kh8 12.d3 Bd7 13.Bh6 Bg7 14.hxg6 fxg6 15.
Qe3 Qe7 16.O-O-O Rae8 17.Kb1 a5 18.Rh2 Qf6 19.Rdh1 g5 20.Qxg5 Qxg5 21.Bxg5
Be6 22.Rxh7+ Kg8 23.Bxe6+ Rxe6 24.Be3 Ne7 25.Ng3 d5 26.Bc5 d4 27.Bxe7 Rxf2
28.Nf5 Rxf5 29.exf5 Rxe7 30.g4 dxc3 31.bxc3 e4 32.d4 e3 33.f6 Bxf6 34.Rxe7
Bxe7 35.Kc2 Kg7 36.Kd3 Bg5 37.a4 Kg6 38.Rh8 b6 39.c4 Bf4 40.Rg8+ Kf6 41.c5
bxc5 42.dxc5 Ke6 43.Ra8 Kd5 44.Rxa5 c6 45.Ra8 Kxc5 46.g5 1-0

[Event "15th Unive op"]
[Site "Hoogeveen NED"]
[Date "2011.10.18"]
[Round "5.30"]
[White "Middelveld, Martine"]
[Black "Hummel, Joop"]
[Result "0-1"]
[WhiteElo "2143"]
[BlackElo "2004"]
[EventDate "2011.10.14"]
[PlyCount "104"]

1.d4 d5 2.c4 e6 3.Nf3 c6 4.e3 Nf6 5.b3 b6 6.Bd3 Bd6 7.O-O Nbd7 8.Bb2 Ne4 
9.Bxe4 dxe4 10.Ne5 Qh4 11.Nd2 f5 12.f3 Bxe5 13.dxe5 exf3 14.Nxf3 Qe7 15.
Qe2 Bb7 16.Rad1 c5 17.Rd6 O-O-O 18.Rfd1 g5 19.Qd2 Rhg8 20.Ne1 h5 21.a3 h4 
22.b4 h3 23.g3 f4 24.bxc5 fxe3 25.Qxe3 Nxc5 26.Rxd8+ Rxd8 27.Rxd8+ Qxd8 
28.Qd4 Qf8 29.Qg4 Qf5 30.Qxf5 exf5 31.Nc2 Be4 32.Ne3 Kd7 33.Nd5 Nd3 34.Bd4
Nc5 35.Kf2 Bd3 36.Nf6+ Ke6 37.Ne8 Bxc4 38.Ng7+ Kd5 39.Bxc5 bxc5 40.e6 Kd6 
41.Nxf5+ Kxe6 42.Ne3 Bd5 43.Ke2 Ke5 44.Ng4+ Kd4 45.Nf2 Bg2 46.Kd2 a5 47.
Kc2 Ke3 48.Ng4+ Kf3 49.Nf6 Kf2 50.Kc3 Kg1 51.Ng4 Bf3 52.Ne5 g4 0-1

[Event "15th Unive op"]
[Site "Hoogeveen NED"]
[Date "2011.10.18"]
[Round "5.31"]
[White "De Groot, Hendrik"]
[Black "Hendriks, Richard V"]
[Result "1-0"]
[WhiteElo "1953"]
[BlackElo "2136"]
[EventDate "2011.10.14"]
[PlyCount "85"]

1.Nf3 d5 2.c4 d4 3.g3 Nc6 4.Bg2 e5 5.d3 Nf6 6.O-O Bd6 7.e3 O-O 8.exd4 Nxd4
9.h3 Nxf3+ 10.Qxf3 h6 11.a3 Bc5 12.Nc3 Bd4 13.Ne2 Nh7 14.Nxd4 Qxd4 15.Qe2 
c6 16.Be3 Qd6 17.b4 Rd8 18.Bc5 Qe6 19.a4 Ng5 20.h4 Nh3+ 21.Kh2 g5 22.hxg5 
hxg5 23.Qh5 Kg7 24.Bxh3 Qf6 25.Bxc8 Rh8 26.Qxh8+ Kxh8 27.Bg4 Qg6 28.Rad1 
f5 29.Be2 f4 30.b5 b6 31.Ba3 Kg7 32.g4 Qf6 33.Kg2 Rh8 34.Bf3 c5 35.Bb2 Re8
36.Rfe1 Kf8 37.Re2 Re7 38.Rde1 Qh6 39.Rxe5 Rxe5 40.Rxe5 Qg6 41.Be4 Qh6 42.
Rf5+ Ke7 43.Bf6+ 1-0

[Event "15th Unive op"]
[Site "Hoogeveen NED"]
[Date "2011.10.18"]
[Round "5.32"]
[White "Van der Veen, Jan"]
[Black "Gieben, Stijn"]
[Result "1/2-1/2"]
[WhiteElo "2115"]
[BlackElo "1940"]
[EventDate "2011.10.14"]
[PlyCount "40"]

1.e4 e6 2.d4 d5 3.Nc3 Bb4 4.exd5 exd5 5.Bd3 Nc6 6.a3 Bd6 7.Nge2 Nf6 8.Nb5 
Bg4 9.f3 Bh5 10.Nxd6+ Qxd6 11.Bf4 Qd7 12.O-O Bg6 13.Be5 Nxe5 14.dxe5 Ng8 
15.f4 Ne7 16.Ng3 Bxd3 17.cxd3 O-O-O 18.d4 Nf5 19.Nxf5 Qxf5 20.Rc1 h5 
1/2-1/2

[Event "15th Unive op"]
[Site "Hoogeveen NED"]
[Date "2011.10.18"]
[Round "5.33"]
[White "Dijkhuis, Tycho"]
[Black "Lambrechts, Koen"]
[Result "0-1"]
[WhiteElo "1873"]
[BlackElo "2233"]
[EventDate "2011.10.14"]
[PlyCount "68"]

1.e4 c6 2.d4 Na6 3.Nc3 Nc7 4.Bf4 g6 5.Nf3 Bg7 6.Qd2 d6 7.a4 h6 8.h3 Nf6 9.
Bc4 Nd7 10.O-O g5 11.Bh2 Nb6 12.Bb3 a5 13.Rad1 Be6 14.d5 cxd5 15.exd5 Bf5 
16.Nd4 Bg6 17.f4 gxf4 18.Bxf4 Nd7 19.Qe3 Ne5 20.Nf3 Nxf3+ 21.Rxf3 Na6 22.
Nb5 Kf8 23.Rg3 Kg8 24.Rf1 Nc5 25.Nd4 Kh7 26.Nf3 Rc8 27.Nh4 e5 28.Nxg6 fxg6
29.Bxh6 Bxh6 30.Rf7+ Bg7 31.Qf3 Rf8 32.Rxg6 Kxg6 33.Qf5+ Kh6 34.g4 Qh4 0-1

[Event "15th Unive op"]
[Site "Hoogeveen NED"]
[Date "2011.10.18"]
[Round "5.34"]
[White "Maatman, Nick"]
[Black "Go, Benjamin"]
[Result "1/2-1/2"]
[WhiteElo "1980"]
[BlackElo "2153"]
[EventDate "2011.10.14"]
[PlyCount "110"]

1.e4 d6 2.d4 Nf6 3.Nc3 g6 4.f4 Bg7 5.Nf3 c5 6.dxc5 Qa5 7.Qd4 O-O 8.Bd2 Nc6
9.Qc4 Be6 10.Nd5 Qd8 11.Rd1 Rc8 12.Bc3 b6 13.Bxf6 Bxf6 14.Nxf6+ exf6 15.
Qc3 bxc5 16.Be2 Bg4 17.O-O Re8 18.Qd3 Qb6 19.Qb5 Rxe4 20.Qxb6 axb6 21.Kf2 
Rce8 22.Bb5 Rc8 23.Rxd6 Re6 24.Rxc6 Rexc6 25.Bxc6 Rxc6 26.Rd1 Kf8 27.c3 
Be6 28.a3 h6 29.Rd2 Bc4 30.g3 Re6 31.Ne1 Ke7 32.Ng2 Rd6 33.Rxd6 Kxd6 34.
Ne3 Be6 35.Ke2 f5 36.c4 Kc6 37.Kd3 f6 38.Kc3 Bf7 39.b4 Be6 40.b5+ Kd6 41.
Nc2 Bc8 42.Na1 Bb7 43.Nb3 Bf3 44.a4 Kc7 45.a5 Kb7 46.axb6 Kxb6 47.Nc1 Be4 
48.Nd3 Bxd3 49.Kxd3 h5 50.h4 Kb7 51.Kc3 Ka7 52.Kb3 Kb7 53.Ka3 Ka7 54.Ka4 
Kb6 55.Kb3 Kb7 1/2-1/2

[Event "15th Unive op"]
[Site "Hoogeveen NED"]
[Date "2011.10.18"]
[Round "5.35"]
[White "Henseler, Jorgen"]
[Black "Van Laatum, Maarten"]
[Result "1/2-1/2"]
[WhiteElo "2073"]
[BlackElo "2115"]
[EventDate "2011.10.14"]
[PlyCount "68"]

1.d4 Nf6 2.c4 g6 3.Nc3 d5 4.cxd5 Nxd5 5.e4 Nxc3 6.bxc3 Bg7 7.Bc4 O-O 8.Ne2
c5 9.O-O Nc6 10.Be3 cxd4 11.cxd4 Bg4 12.f3 Na5 13.Bd3 Be6 14.d5 Bxa1 15.
Qxa1 f6 16.Bh6 Re8 17.Qd4 Bd7 18.Qf2 e6 19.Qg3 Kf7 20.f4 exd5 21.e5 Rg8 
22.f5 Bxf5 23.Bxf5 gxf5 24.Qh3 Nc4 25.Qxf5 Qb6+ 26.Kh1 Rg6 27.Qd7+ Kg8 28.
Qxd5+ Kh8 29.Qxc4 Rxh6 30.Qf4 fxe5 31.Qxe5+ Kg8 32.Qd5+ Kh8 33.Qe5+ Kg8 
34.Qd5+ Kh8 1/2-1/2